00503 a2200181 450000100060000002000220000604000240002810000230005224000270007524500220010230000060012436200090013044000120013965000310015194200070018295201150018999900170030446180 a978-85-16-07009-0 cAnchieta - Aquarius aMachado, Ana Maria10aA. Nau catarinetalpor10aA. Nau catarineta a 0 a2011 1aModerna 4aLiteratura infanto-juvenil cBK 00104070a87.1bCPLd2023-11-21l2o028.5 MAC ANAp3690/AQUr2023-11-21 15:24:01s2023-11-21w2023-11-21yBK c46180d46180